Statistiques concernant Harry Potter: La Famille Weasley en 15 secondes

Cliquez ici pour prendre le quiz!

Statistiques générales

  • Ce quiz a été pris 10 408 fois
  • Le résultat moyen est 6 sur 9

Statistiques - réponses

Membres% Correct
Ronald Weasley
85%
Molly Weasley
80%
Fred Weasley
79%
Ginny Weasley
75%
Arthur Weasley
72%
George Weasley
70%
Bill Weasley
60%
Percy Weasley
52%
Charlie Weasley
50%

Distribution des résultats

Percentile par nombre de réponses

% des personnes avec chaque résultat

Votre développement - résultats

Vous n’avez pas pris ce quiz